[Event "EUCup 17th"]
[Site "Panormo"]
[Date "2001.09.29"]
[Round "7"]
[White "Glek, Igor V"]
[Black "Kuzmin, Gennadi P"]
[Result "1/2-1/2"]
[WhiteElo "2574"]
[BlackElo "2542"]
[PlyCount "23"]
[EventDate "2001.09.22"]
[Source "ChessBase"]
[SourceDate "2001.10.26"]

1. d4 Nf6 2. c4 e6 3. Nf3 a6 4. Nc3 d5 5. cxd5 exd5 6. Bg5 c6 7. e3 Be7 8. Qc2 Nbd7 9. Bd3 O-O 10. O-O Re8 11. h3 Nf8 12. Ne5 1/2-1/2

[Event "Open"]
[Site "Western States op,"]
[Date "1990.??.??"]
[Round "?"]
[White "Browne, Walter S"]
[Black "Gurevich, Dmitry B"]
[Result "1/2-1/2"]
[WhiteElo "2560"]
[BlackElo "2470"]
[PlyCount "104"]
[EventDate "1990.??.??"]
[Source "www.chesslib.no"]
[SourceDate "2004.05.04"]

1. d4 Nf6 2. c4 e6 3. Nf3 a6 4. Nc3 c5 5. d5 b5 6. e4 b4 7. e5 bxc3 8. exf6 d6 9. Bd3 e5 10. O-O gxf6 11. Nh4 Rg8 12. bxc3 Bg4 13. Qa4+ Bd7 14. Qc2 h5 15. Nf5 Qc7 16. Rb1 Kd8 17. Be3 Ra7 18. Qe2 Rh8 19. f4 Bxf5 20. Bxf5 Bg7 21. Rb3 Nd7 22. Rfb1 Ke7 23. Bf2 Kd8 24. fxe5 Nxe5 25. Rb8+ Ke7 26. Rxh8 Bxh8 27. Qxh5 Ra8 28. Qd1 Rb8 29. Rb3 Bg7 30. Qb1 Rxb3 31. axb3 Bh6 32. Qa2 a5 33. h4 Kf8 34. Kh2 Bf4+ 35. Kh3 Kg7 36. Qe2 Qb8 37. Bc2 Qe8 38. g4 Qh8 39. Be1 Qh6 40. b4 axb4 41. cxb4 cxb4 42. Bxb4 Bg5 43. h5 Bf4 44. Bf5 Be3 45. Bxd6 Bd4 46. Kg3 Qc1 47. h6+ Qxh6 48. c5 Be3 49. Bxe5 fxe5 50. Kg2 Bxc5 51. Qxe5+ Qf6 52. Qxf6+ Kxf6 1/2-1/2

[Event "Moscow"]
[Site "Moscow"]
[Date "1986.??.??"]
[Round "?"]
[White "Eingorn, Vereslav S"]
[Black "Inkiov, Ventzislav"]
[Result "1-0"]
[WhiteElo "2560"]
[BlackElo "2465"]
[PlyCount "47"]
[EventDate "1986.03.??"]
[Source "ChessBase"]

1. d4 Nf6 2. c4 e6 3. Nf3 a6 4. Nbd2 d5 5. g3 c5 6. Bg2 Nc6 7. O-O cxd4 8. cxd5 Nxd5 9. Nb3 e5 10. Nxe5 Ndb4 11. Bf4 Be6 12. a3 Nxe5 13. axb4 Nc6 14. b5 axb5 15. Rxa8 Qxa8 16. Nxd4 Nxd4 17. Qxd4 f6 18. Qb6 Kf7 19. Bxb7 Qa4 20. Qc7+ Kg6 21. Qd8 b4 22. Be4+ Kf7 23. Rc1 Qe8 24. Rc7+ 1-0

[Event "JUG Cup"]
[Site "Ulcinj"]
[Date "1998.??.??"]
[Round "5"]
[White "Ilincic, Zlatko"]
[Black "Petronic, Jovan"]
[Result "1/2-1/2"]
[WhiteElo "2565"]
[BlackElo "2450"]
[PlyCount "62"]
[EventDate "1998.??.??"]
[Source "www.chesslib.no"]
[SourceDate "2004.05.04"]

1. d4 Nf6 2. c4 e6 3. Nf3 a6 4. Nc3 Bb4 5. e3 O-O 6. Bd3 d5 7. O-O dxc4 8. Bxc4 Nc6 9. a3 Bd6 10. h3 e5 11. Qc2 h6 12. b4 exd4 13. exd4 Ne7 14. Ne5 Be6 15. Bxe6 fxe6 16. Nd3 Nf5 17. Ne2 Nd5 18. Nc5 Qc8 19. Qe4 Rf6 20. Bb2 b6 21. Nd3 a5 22. Bc3 axb4 23. axb4 Rxa1 24. Rxa1 Rf8 25. Bd2 Qd7 26. Nef4 Bxf4 27. Nxf4 Nxf4 28. Bxf4 Nxd4 29. Bxc7 Nb3 30. Ra7 Qd1+ 31. Kh2 Nd2 1/2-1/2

[Event "Calcutta"]
[Site "Calcutta IND"]
[Date "1986.??.??"]
[Round "?"]
[White "Agzamov, Georgy T"]
[Black "Inkiov, Ventzislav V"]
[Result "1-0"]
[WhiteElo "2545"]
[BlackElo "2465"]
[PlyCount "57"]
[EventDate "1986.02.??"]
[Source "www.chesslib.no"]
[SourceDate "2004.05.04"]

1. d4 Nf6 2. c4 e6 3. Nf3 a6 4. Nc3 c5 5. d5 b5 6. Bg5 b4 7. Ne4 d6 8. a3 bxa3 9. Rxa3 Be7 10. Bxf6 gxf6 11. dxe6 fxe6 12. Rd3 Qa5+ 13. Nfd2 Qb6 14. g4 Nd7 15. Bg2 Rb8 16. f4 Qc7 17. O-O Rg8 18. g5 fxg5 19. fxg5 Bb7 20. e3 Rg6 21. Qh5 Nf8 22. Qf3 Rg7 23. Nf6+ Bxf6 24. Qxf6 Rf7 25. Qxf7+ Qxf7 26. Rxf7 Kxf7 27. Rb3 Bxg2 28. Rxb8 Nd7 29. Rc8 1-0

[Event "EU-ch 3rd playoff"]
[Site "Batumi"]
[Date "2002.06.27"]
[Round "2.2"]
[White "Gagunashvili, Merab"]
[Black "Sargissian, Gabriel"]
[Result "1-0"]
[WhiteElo "2472"]
[BlackElo "2538"]
[PlyCount "41"]
[EventDate "2002.06.17"]
[Source "ChessBase"]
[SourceDate "2002.09.20"]

1. d4 Nf6 2. c4 e6 3. Nf3 a6 4. Nc3 c5 5. e3 d6 6. dxc5 dxc5 7. Qxd8+ Kxd8 8. b3 Nc6 9. Bb2 Be7 10. O-O-O+ Kc7 11. Bd3 b6 12. Ne4 Bb7 13. Ne5 Nb4 14. Ng5 h6 15. Ngxf7 Nxd3+ 16. Rxd3 Rhf8 17. Rhd1 Bxg2 18. Rd7+ Nxd7 19. Rxd7+ Kb8 20. Rxe7 Ra7 21. Nd7+ 1-0

[Event "BKL-Turnier"]
[Site "Leipzig"]
[Date "1988.??.??"]
[Round "?"]
[White "Boensch, Uwe"]
[Black "Teske, Henrik"]
[Result "1-0"]
[WhiteElo "2575"]
[BlackElo "2425"]
[PlyCount "59"]
[EventDate "1988.01.??"]
[Source "ChessBase"]

1. d4 Nf6 2. c4 e6 3. Nf3 a6 4. Nc3 c5 5. d5 b5 6. Bg5 b4 7. Ne4 d6 8. a3 Be7 9. Bxf6 gxf6 10. axb4 cxb4 11. Qa4+ Kf8 12. Qxb4 f5 13. Nc3 Nd7 14. Nd4 Rb8 15. Qa3 Ne5 16. e3 Qc7 17. b3 Bb7 18. Qa5 Qd7 19. Be2 h5 20. h4 Kg7 21. Rd1 Rbc8 22. dxe6 fxe6 23. Qxe5+ dxe5 24. Nxf5+ Kf8 25. Rxd7 Bb4 26. Nd6 Bxc3+ 27. Kf1 Bc6 28. Rf7+ Kg8 29. Rh3 e4 30. Re7 1-0

[Event "Karseladze Memorial"]
[Site "Kutaisi"]
[Date "1978.??.??"]
[Round "?"]
[White "Podgaets, Mikhail"]
[Black "Lutikov, Anatoly S"]
[Result "1/2-1/2"]
[WhiteElo "2450"]
[BlackElo "2540"]
[PlyCount "67"]
[EventDate "1978.??.??"]
[Source "www.chesslib.no"]
[SourceDate "2004.05.04"]

1. d4 Nf6 2. c4 e6 3. Nf3 a6 4. Nc3 d5 5. cxd5 exd5 6. Bg5 Be7 7. e3 c6 8. Qc2 Nbd7 9. Bd3 Nf8 10. O-O-O Bg4 11. Rde1 Bxf3 12. gxf3 Ne6 13. Bh4 Qa5 14. Kb1 g6 15. Rc1 Nd7 16. Bg3 Nb6 17. h4 h5 18. Be5 Rg8 19. f4 Kd7 20. f5 gxf5 21. Qe2 f6 22. Bh2 Bd6 23. Bxd6 Kxd6 24. Qxh5 Ng7 25. Qh6 Nd7 26. Qf4+ Ke7 27. Rhg1 Ne6 28. Qxf5 Rxg1 29. Rxg1 Rh8 30. e4 Rxh4 31. exd5 cxd5 32. Re1 Ndf8 33. Nxd5+ Kd6 34. Nc3 1/2-1/2

[Event "NED"]
[Site "NED"]
[Date "1985.??.??"]
[Round "4"]
[White "Van der Sterren, Paul"]
[Black "Sosonko, Gennadi P"]
[Result "1-0"]
[WhiteElo "2450"]
[BlackElo "2535"]
[PlyCount "125"]
[EventDate "1985.??.??"]
[Source "www.chesslib.no"]
[SourceDate "2004.05.04"]

1. d4 Nf6 2. c4 e6 3. Nf3 a6 4. Nc3 c5 5. d5 b5 6. Bg5 b4 7. Ne4 d6 8. Nxf6+ gxf6 9. Bh4 Nd7 10. e4 Be7 11. Bd3 Nf8 12. O-O Ng6 13. Bg3 Bd7 14. Nd2 h5 15. h3 Kf8 16. f4 h4 17. Bh2 f5 18. Qc2 Rh5 19. Nf3 Kg7 20. Rae1 Ra7 21. exf5 exf5 22. Ng5 Bxg5 23. fxg5 Rxg5 24. Bxd6 Qb6 25. Qd2 Rh5 26. Bh2 Ra8 27. d6 Qd8 28. Be2 Rh8 29. Bf3 Rc8 30. Bb7 Rb8 31. Bd5 Qf6 32. Qf2 Rbc8 33. Bb7 Rb8 34. Bd5 Rbc8 35. Re2 Rhf8 36. Bb7 Rb8 37. Bd5 Rbc8 38. b3 a5 39. Bb7 Rb8 40. Bd5 Rbc8 41. Be4 Rfe8 42. Bxf5 Rxe2 43. Qxe2 Bxf5 44. Qf2 Nf8 45. Qxf5 Qxf5 46. Rxf5 Nd7 47. Rf4 Re8 48. Kf2 Nf6 49. Rxh4 a4 50. Rf4 Kg6 51. Rf3 Ne4+ 52. Kg1 Nc3 53. d7 Rd8 54. Rd3 Nxa2 55. Bc7 Rxd7 56. Rxd7 axb3 57. Rd2 Kf5 58. Bd6 Nc3 59. Rb2 Ne4 60. g4+ Kg5 61. Be7+ Kf4 62. Rxb3 Nd2 63. Rd3 1-0

[Event "Rubinstein Memorial"]
[Site "Polanica Zdroj POL"]
[Date "1989.??.??"]
[Round "6"]
[White "Gruenberg, Hans-Ulrich"]
[Black "Zaichik, Gennadi L"]
[Result "1-0"]
[WhiteElo "2475"]
[BlackElo "2500"]
[PlyCount "117"]
[EventDate "1989.08.??"]
[Source "www.chesslib.no"]
[SourceDate "2004.05.04"]

1. d4 Nf6 2. c4 e6 3. Nf3 a6 4. Nc3 c5 5. d5 exd5 6. Nxd5 Nxd5 7. Qxd5 Nc6 8. Bd2 Be7 9. Bc3 O-O 10. e4 d6 11. Be2 Bf6 12. Rc1 Bxc3+ 13. Rxc3 Nb4 14. Qd2 Nxa2 15. Rd3 Qe7 16. Rxd6 Qxe4 17. O-O Nb4 18. Ng5 Qf5 19. Bf3 h6 20. Ne4 Be6 21. b3 a5 22. Nc3 Rab8 23. Be4 Qf6 24. Nd5 Qh4 25. Nf4 Qg5 26. g3 Bf5 27. h4 Qg4 28. Bg2 Bc2 29. Qc3 Qc8 30. Bd5 Rd8 31. Ne6 fxe6 32. Bxe6+ Kh8 33. Bxc8 Rxd6 34. Qe5 Rxc8 35. Qxd6 Bxb3 36. Re1 Bxc4 37. Re7 Bd5 38. Rxg7 Kxg7 39. Qd7+ Kf6 40. Qxc8 c4 41. Qd8+ Ke5 42. Qxa5 Nd3 43. Qc3+ Ke4 44. Kf1 b5 45. Ke2 b4 46. f3+ Kf5 47. Qd4 Ke6 48. f4 b3 49. f5+ Kd6 50. Kd2 Nc5 51. f6 Kc6 52. g4 Ne4+ 53. Ke3 Nd6 54. Qe5 Bf7 55. h5 Nb5 56. g5 hxg5 57. h6 c3 58. h7 b2 59. h8=Q 1-0

[Event "Jugoslavija (ch) 72/76"]
[Site "?"]
[Date "1998.??.??"]
[Round "?"]
[White "Ivanisevic, Ivan"]
[Black "Barlov, Dragan"]
[Result "1-0"]
[WhiteElo "2460"]
[BlackElo "2490"]
[PlyCount "87"]
[EventDate "1998.??.??"]
[Source "ChessBase"]
[SourceDate "1998.02.01"]

1. d4 Nf6 2. c4 e6 3. Nf3 a6 4. Nc3 c5 5. d5 exd5 6. cxd5 d6 7. a4 g6 8. h3 Bg7 9. Bf4 O-O 10. e3 Nh5 11. Bg5 Qb6 12. Ra2 f5 13. Nd2 Qc7 14. Be2 Nf6 15. Nc4 Nbd7 16. Qb3 b6 17. g4 fxg4 18. hxg4 Bb7 19. Bf4 Ne8 20. g5 Bxc3+ 21. Qxc3 Bxd5 22. Rh6 Ne5 23. Bxe5 dxe5 24. Ra1 Rf5 25. Rd1 Bf7 26. Bg4 Rxg5 27. Rd7 Qb8 28. f4 Rxg4 29. Nxe5 Rg1+ 30. Kf2 Nf6 31. Kxg1 Nxd7 32. Nxd7 Qd6 33. Nf6+ Kf8 34. Rxh7 Ke7 35. Ne4 Qd1+ 36. Kf2 Rf8 37. Qf6+ Ke8 38. Nd6+ Kd7 39. Nxf7 Qd2+ 40. Kf3 Qd1+ 41. Kf2 Qd2+ 42. Kf3 Qd1+ 43. Kg3 Qg1+ 44. Kh4 1-0

[Event "Berlin Open"]
[Site "Berlin West"]
[Date "1985.??.??"]
[Round "?"]
[White "Muse, Mladen"]
[Black "Miles, Anthony J"]
[Result "1/2-1/2"]
[WhiteElo "2375"]
[BlackElo "2570"]
[PlyCount "84"]
[EventDate "1985.??.??"]
[Source "www.chesslib.no"]
[SourceDate "2004.05.04"]

1. d4 Nf6 2. c4 e6 3. Nf3 a6 4. e3 c5 5. Be2 d5 6. cxd5 exd5 7. O-O c4 8. b3 b5 9. a4 Bb7 10. axb5 axb5 11. Rxa8 Bxa8 12. Ne5 Bd6 13. Bf3 Nbd7 14. bxc4 bxc4 15. Qa4 O-O 16. Ba3 Qc7 17. Bxd6 Qxd6 18. Qa1 Qb8 19. Nxd7 Nxd7 20. Nc3 Nf6 21. Rb1 Qc7 22. h3 Bc6 23. Qa3 Rb8 24. Rxb8+ Qxb8 25. Qa5 Qd6 26. Qb6 h6 27. e4 Qa3 28. Qxc6 Qxc3 29. Qc8+ Kh7 30. Qf5+ Kg8 31. e5 Qe1+ 32. Kh2 Ne4 33. e6 Nd2 34. Qxf7+ Kh7 35. Kg3 c3 36. e7 Nf1+ 37. Kg4 c2 38. e8=Q Qxe8 39. Qxe8 c1=Q 40. Qe5 Nh2+ 41. Kg3 Nf1+ 42. Kg4 Nh2+ 1/2-1/2

[Event "Heraklio Open"]
[Site "Heraklio GRE"]
[Date "1993.??.??"]
[Round "2"]
[White "Novoselski, Zoran"]
[Black "Sturua, Zurab"]
[Result "0-1"]
[WhiteElo "2370"]
[BlackElo "2565"]
[PlyCount "122"]
[EventDate "1993.??.??"]
[Source "www.chesslib.no"]
[SourceDate "2004.05.04"]

1. d4 Nf6 2. c4 e6 3. Nf3 a6 4. g3 b5 5. b3 Bb7 6. Bg2 Bb4+ 7. Bd2 Be7 8. O-O c5 9. d5 exd5 10. Nh4 g6 11. Bc3 d4 12. Bxb7 Ra7 13. Bg2 dxc3 14. Nxc3 b4 15. Nd5 Nxd5 16. Qxd5 O-O 17. Nf3 a5 18. h4 a4 19. h5 Qb6 20. hxg6 hxg6 21. Ne5 Kg7 22. Bh3 Qf6 23. Rad1 d6 24. Ng4 Qe6 25. Qd2 Rh8 26. Qb2+ f6 27. Kg2 Nc6 28. f3 axb3 29. axb3 Nd4 30. e3 Nf5 31. Rd3 Rha8 32. Qc1 Ra2+ 33. Rf2 Ra1 34. Qd2 Qf7 35. Nh2 Nh6 36. e4 R8a3 37. Bd7 Bf8 38. Ba4 Qc7 39. Rd5 Nf7 40. Ng4 Be7 41. Qf4 Qd8 42. Rfd2 Qh8 43. Nf2 Rb1 44. Rd1 Rb2 45. R5d2 Raa2 46. Rxb2 Rxb2 47. Qc1 Re2 48. Kf1 Rxf2+ 49. Kxf2 Qh2+ 50. Kf1 Qxg3 51. Qe3 Ng5 52. Ke2 Ne6 53. Bd7 Nf4+ 54. Kf1 Qg2+ 55. Ke1 Qh1+ 56. Kf2 Qh2+ 57. Kf1 f5 58. Rd2 Qh1+ 59. Qg1 Qxf3+ 60. Qf2 Qh1+ 61. Qg1 Qh3+ 0-1

[Event "GEBA"]
[Site "Buenos Aires ARG"]
[Date "1991.??.??"]
[Round "2"]
[White "Larsen, Bent"]
[Black "Garbarino, Rodolfo"]
[Result "1/2-1/2"]
[WhiteElo "2560"]
[BlackElo "2375"]
[PlyCount "119"]
[EventDate "1991.??.??"]
[Source "www.chesslib.no"]
[SourceDate "2004.05.04"]

1. d4 Nf6 2. c4 e6 3. Nf3 a6 4. Nc3 c5 5. e3 b6 6. Bd3 Bb7 7. O-O Be7 8. b3 O-O 9. d5 exd5 10. cxd5 d6 11. e4 b5 12. a4 b4 13. Nb1 a5 14. Nbd2 Nbd7 15. Ra2 Nb6 16. Re1 Nfd7 17. Rc2 Bf6 18. Nc4 Nxc4 19. Bxc4 Ne5 20. Nxe5 Bxe5 21. f4 Bd4+ 22. Kh1 Re8 23. Qd3 Qc8 24. h3 Ba6 25. g4 Bxc4 26. Rxc4 Ra7 27. Be3 Bxe3 28. Qxe3 f6 29. Kg2 Rae7 30. Qf3 Qd8 31. h4 g5 32. hxg5 fxg5 33. f5 Re5 34. f6 Qd7 35. Rh1 Qf7 36. Rh6 Kh8 37. Kg3 Kg8 38. Qh1 Kh8 39. Qh5 Rxe4 40. Rxe4 Qxh5 41. Rxh5 Rxe4 42. Rxg5 Re8 43. Rg7 Rg8 44. Rd7 h5 45. Rxd6 Rxg4+ 46. Kf3 Kg8 47. Rc6 Kf7 48. Rxc5 Kxf6 49. Rxa5 Rh4 50. d6 Ke6 51. Rd5 Kd7 52. Rd3 Rg4 53. Rd1 Rh4 54. Ke3 Rh3+ 55. Kd4 Rxb3 56. Kc5 Rc3+ 57. Kxb4 Rc6 58. a5 Rxd6 59. Rc1 Rc6 60. Rg1 1/2-1/2

[Event "Hoogovens-B"]
[Site "Wijk aan Zee"]
[Date "1985.??.??"]
[Round "10"]
[White "Van der Sterren, Paul"]
[Black "Rogers, Ian"]
[Result "0-1"]
[WhiteElo "2450"]
[BlackElo "2485"]
[PlyCount "67"]
[EventDate "1985.01.??"]
[Source "ChessBase"]

1. d4 Nf6 2. c4 e6 3. Nf3 a6 4. Nc3 c5 5. d5 b5 6. Bg5 b4 7. Ne4 d6 8. a3 bxa3 9. Rxa3 e5 10. Qa4+ Bd7 11. Qc2 a5 12. e3 a4 13. Nfd2 Na6 14. Be2 Nb4 15. Qb1 Ra6 16. f4 Be7 17. Nxc5 dxc5 18. fxe5 Nfxd5 19. cxd5 Bxg5 20. Bxa6 Nxa6 21. Ne4 O-O 22. O-O Re8 23. Nd6 Rxe5 24. Nxf7 Qe8 25. Nxe5 Qxe5 26. e4 Nb4 27. Kh1 Be7 28. Qe1 Bb5 29. Rf6 Qxb2 30. Raf3 h6 31. h3 a3 32. Rf2 Nc2 33. Qa5 a2 34. Rxc2 0-1

[Event "URS Ch otbor56"]
[Site "Barnaul"]
[Date "1988.??.??"]
[Round "?"]
[White "Neverov, Valeriy"]
[Black "Zaichik, Gennadi L"]
[Result "1-0"]
[WhiteElo "2440"]
[BlackElo "2495"]
[PlyCount "59"]
[EventDate "1988.08.??"]
[Source "www.chesslib.no"]
[SourceDate "2004.05.04"]

1. d4 Nf6 2. c4 e6 3. Nf3 a6 4. Nc3 c5 5. d5 b5 6. Bg5 b4 7. Ne4 d6 8. Qd3 Be7 9. dxe6 Bxe6 10. Bxf6 gxf6 11. O-O-O Ra7 12. e3 Rd7 13. Qc2 Qa5 14. Kb1 Nc6 15. Bd3 O-O 16. b3 Qb6 17. Ng3 Ra8 18. Bxh7+ Kf8 19. Bf5 Nd8 20. Qe4 Rda7 21. h4 a5 22. h5 a4 23. h6 axb3 24. h7 Ke8 25. h8=Q+ Kd7 26. Bxe6+ fxe6 27. Rh7 Rxa2 28. Rxe7+ Kc8 29. Qxe6+ Kb8 30. Qxd6+ 1-0

[Event "Varna"]
[Site "Varna"]
[Date "1983.??.??"]
[Round "7"]
[White "Groszpeter, Attila"]
[Black "Ortega, Lexy"]
[Result "1-0"]
[WhiteElo "2505"]
[BlackElo "2425"]
[PlyCount "63"]
[EventDate "1983.05.??"]
[Source "ChessBase"]

1. d4 Nf6 2. c4 e6 3. Nf3 a6 4. Bg5 c5 5. d5 exd5 6. cxd5 h6 7. Bh4 d6 8. Nc3 g5 9. Bg3 b5 10. Qd3 Bg7 11. h4 Nh5 12. Nd2 Nxg3 13. Qxg3 f5 14. hxg5 hxg5 15. Rxh8+ Bxh8 16. Qh3 Qf6 17. Nde4 fxe4 18. Qxc8+ Qd8 19. Qe6+ Qe7 20. Qg8+ Qf8 21. Qxg5 Nd7 22. e3 Bxc3+ 23. bxc3 Qh8 24. Rc1 b4 25. Be2 Ne5 26. cxb4 Rb8 27. Bh5+ Kd7 28. bxc5 Nd3+ 29. Kf1 Qb2 30. Qf5+ Kd8 31. Qf8+ Kc7 32. Qe7+ 1-0

[Event "Spring op"]
[Site "Budapest"]
[Date "1990.??.??"]
[Round "3"]
[White "Lukacs, Peter"]
[Black "Efimov, Igor"]
[Result "0-1"]
[WhiteElo "2505"]
[BlackElo "2400"]
[PlyCount "66"]
[EventDate "1990.??.??"]
[Source "ChessBase"]

1. d4 Nf6 2. c4 e6 3. Nf3 a6 4. Bg5 c5 5. d5 exd5 6. cxd5 h6 7. Bxf6 Qxf6 8. Qc2 d6 9. Nbd2 Be7 10. e3 Bd8 11. Bd3 O-O 12. O-O b5 13. a4 Bb7 14. Qb3 b4 15. a5 Bc8 16. Nc4 Bc7 17. Nfd2 Bd7 18. Ne4 Qe7 19. Ng3 Bb5 20. Nf5 Qf6 21. e4 Nd7 22. f4 Rfe8 23. Rf2 Bxc4 24. Qxc4 g6 25. Nxh6+ Kg7 26. e5 dxe5 27. Ng4 Qd6 28. f5 e4 29. f6+ Kg8 30. Qc1 e3 31. Rf1 Ne5 32. Nxe5 Qxe5 33. g3 e2 0-1

[Event "Albena"]
[Site "Albena"]
[Date "1985.??.??"]
[Round "?"]
[White "Farago, Ivan"]
[Black "Kurtenkov, Atanas"]
[Result "1/2-1/2"]
[WhiteElo "2495"]
[BlackElo "2405"]
[PlyCount "47"]
[EventDate "1985.09.02"]
[Source "www.chesslib.no"]
[SourceDate "2004.05.04"]

1. d4 Nf6 2. c4 e6 3. Nf3 a6 4. Bg5 h6 5. Bxf6 Qxf6 6. Nc3 Bb4 7. Rc1 O-O 8. e3 d6 9. Bd3 e5 10. O-O Bxc3 11. Rxc3 Re8 12. Qc2 Qe7 13. dxe5 dxe5 14. Be4 Nd7 15. c5 Nf6 16. h3 c6 17. Nd2 Be6 18. Bf3 Rad8 19. Ne4 Bf5 20. Nxf6+ Qxf6 21. Be4 Bxe4 22. Qxe4 Rd2 23. Rc2 Rxc2 24. Qxc2 1/2-1/2

[Event "Camaguey-B"]
[Site "Camaguey CUB"]
[Date "1987.??.??"]
[Round "?"]
[White "Matamoros Franco, Carlos S"]
[Black "Zaichik, Gennadi L"]
[Result "1/2-1/2"]
[WhiteElo "2395"]
[BlackElo "2500"]
[PlyCount "81"]
[EventDate "1987.05.??"]
[Source "www.chesslib.no"]
[SourceDate "2004.05.04"]

1. d4 Nf6 2. c4 e6 3. Nf3 a6 4. Nc3 c5 5. d5 b5 6. e4 b4 7. e5 bxc3 8. exf6 Qa5 9. bxc3 Qxc3+ 10. Bd2 Qxf6 11. Bd3 Bd6 12. O-O Bf4 13. Qc2 Bxd2 14. Nxd2 Qh6 15. Rab1 O-O 16. Rb6 a5 17. dxe6 fxe6 18. Be4 Nc6 19. Bxc6 dxc6 20. Rxc6 Bb7 21. Rxc5 Rad8 22. Ne4 Qg6 23. Re5 Rd4 24. f3 Rfd8 25. Qf2 Bxe4 26. Rxe4 Rd2 27. Re2 Qc2 28. Rfe1 Qxa2 29. Qb6 Qxc4 30. Rxd2 Rxd2 31. Qxe6+ Qxe6 32. Rxe6 a4 33. Ra6 Ra2 34. Ra7 a3 35. h4 g6 36. Kh2 h5 37. Kh3 Kf8 38. Kg3 Ra1 39. Kh2 Ra2 40. Kg3 Kg8 41. Kh3 1/2-1/2

[Event "URS Ch otbor56"]
[Site "Uzhgorod"]
[Date "1988.??.??"]
[Round "?"]
[White "Huzman, Alexander"]
[Black "Efimov, Igor"]
[Result "1/2-1/2"]
[WhiteElo "2490"]
[BlackElo "2405"]
[PlyCount "121"]
[EventDate "1988.??.??"]
[Source "www.chesslib.no"]
[SourceDate "2004.05.04"]

1. d4 Nf6 2. c4 e6 3. Nf3 a6 4. Nc3 c5 5. e3 b6 6. Bd3 Bb7 7. O-O d6 8. b3 g6 9. Bb2 Nbd7 10. d5 e5 11. Nd2 Bh6 12. f4 O-O 13. Qf3 exf4 14. exf4 Nh5 15. g3 f5 16. Rae1 Bg7 17. Qd1 b5 18. Qc2 Bd4+ 19. Kg2 b4 20. Nd1 Bxb2 21. Qxb2 a5 22. Nf3 Ng7 23. Nf2 h6 24. Qd2 Nf6 25. Nh4 Kh7 26. Re3 a4 27. Rfe1 axb3 28. axb3 Ra7 29. Nf3 Rf7 30. Bb1 Ra3 31. h3 Nfh5 32. Kh2 Bc8 33. Rd3 Qf6 34. Nd1 Ra1 35. Qb2 Rfa7 36. Rd2 Qd8 37. Ne3 R1a3 38. Nc2 R3a6 39. Rde2 Rf7 40. Qc1 Qf6 41. Ne3 Ra3 42. Bc2 Re7 43. Ng2 Rxe2 44. Rxe2 Bd7 45. Qe3 Ra8 46. Qf2 Ra2 47. Bd3 Ra3 48. Bc2 Kg8 49. Qe3 Ra1 50. Nge1 Ra8 51. Qd2 Kf8 52. Kg2 Qa1 53. Qe3 Re8 54. Qd2 Ra8 55. Qe3 Kg8 56. Kf2 Re8 57. Qd2 Ra8 58. Qe3 Re8 59. Qd2 Rf8 60. Qe3 Re8 61. Qd2 1/2-1/2

[Event "Corrientes zt"]
[Site "Corrientes"]
[Date "1985.??.??"]
[Round "?"]
[White "Barbero, Gerardo F"]
[Black "Quinteros, Miguel A"]
[Result "0-1"]
[WhiteElo "2365"]
[BlackElo "2530"]
[PlyCount "140"]
[EventDate "1985.??.??"]
[Source "www.chesslib.no"]
[SourceDate "2004.05.04"]

1. d4 Nf6 2. c4 e6 3. Nf3 a6 4. Bg5 h6 5. Bxf6 Qxf6 6. Nc3 g6 7. g3 Bg7 8. Qd2 d6 9. Bg2 Nc6 10. Rd1 O-O 11. O-O Rb8 12. Qc1 Bd7 13. Rfe1 b5 14. c5 b4 15. Ne4 Qe7 16. e3 d5 17. Ned2 f5 18. Nh4 Be8 19. f4 g5 20. Nhf3 g4 21. Ne5 Nxe5 22. dxe5 Ba4 23. b3 Bb5 24. Qc2 Rf7 25. h4 Bf8 26. Rc1 c6 27. a4 bxa3 28. Qa2 a5 29. Qxa3 Qa7 30. Rc2 Rfb7 31. Ra1 Ra8 32. Qc1 Qb8 33. Rca2 Rba7 34. Qc3 Be7 35. Ra3 Qf8 36. Rc1 Rb8 37. Qd4 Be2 38. Kf2 Bb5 39. Qc3 Bd8 40. Qd4 Ba6 41. Ra4 Rab7 42. Qc3 Rb4 43. Rxb4 axb4 44. Qa1 Bb5 45. Qd4 Ba5 46. Ra1 Ra8 47. Ra2 Bc7 48. Rxa8 Qxa8 49. Qxb4 Qa1 50. Qd4 Qxd4 51. exd4 Ba5 52. Ke3 Kf7 53. h5 Ke7 54. Nb1 Bb4 55. Nd2 Kd7 56. Nb1 Kc7 57. Nd2 Kb7 58. Nb1 Kc7 59. Nd2 Ba6 60. Nb1 Be1 61. Na3 Bxg3 62. Nc2 Bh2 63. Nb4 Bb5 64. Nc2 Kb7 65. Na3 Bg1+ 66. Kd2 Bxd4 67. Nxb5 cxb5 68. b4 Bf2 69. Bf1 Kc6 70. Ke2 Bg3 0-1

[Event "JUG Ch"]
[Site "Borovo"]
[Date "1981.??.??"]
[Round "8"]
[White "Jelen, Iztok"]
[Black "Knezevic, Milorad"]
[Result "1/2-1/2"]
[WhiteElo "2435"]
[BlackElo "2455"]
[PlyCount "22"]
[EventDate "1981.03.??"]
[Source "www.chesslib.no"]
[SourceDate "2004.05.04"]

1. d4 Nf6 2. c4 e6 3. Nf3 a6 4. Nc3 Bb4 5. Bg5 c5 6. d5 exd5 7. cxd5 d6 8. e3 h6 9. Bh4 Nbd7 10. Nd2 Qa5 11. Rc1 b5 1/2-1/2

[Event "Albena"]
[Site "Albena"]
[Date "1985.??.??"]
[Round "?"]
[White "Lukacs, Peter"]
[Black "Toshkov, Tihomir"]
[Result "1-0"]
[WhiteElo "2470"]
[BlackElo "2420"]
[PlyCount "46"]
[EventDate "1985.09.02"]
[Source "www.chesslib.no"]
[SourceDate "2004.05.04"]

1. d4 Nf6 2. c4 e6 3. Nf3 a6 4. Nc3 c5 5. d5 b5 6. Bg5 b4 7. Ne4 d6 8. Qd3 Be7 9. Bxf6 Bxf6 10. dxe6 Bxe6 11. Nxd6+ Kf8 12. O-O-O Qa5 13. Kb1 Nc6 14. Qe4 Qc7 15. Nf5 Rd8 16. Rxd8+ Qxd8 17. Ne3 Na5 18. Qd3 Qa8 19. g3 g6 20. Bg2 Kg7 21. Ng5 Bxc4 22. Ne6+ Bxe6 23. Bxa8 Rxa8 1-0

[Event "POL-ch 41th"]
[Site "Poznan"]
[Date "1984.??.??"]
[Round "9"]
[White "Schmidt, Wlodzimierz"]
[Black "Staniszewski, Piotr"]
[Result "1/2-1/2"]
[WhiteElo "2485"]
[BlackElo "2405"]
[PlyCount "47"]
[EventDate "1984.02.12"]
[Source "ChessBase"]

1. d4 Nf6 2. c4 e6 3. Nf3 a6 4. Nc3 Bb4 5. e3 O-O 6. Bd3 d5 7. a3 Bxc3+ 8. bxc3 Nc6 9. O-O Re8 10. Qc2 h6 11. Rd1 Bd7 12. Nd2 Na5 13. cxd5 exd5 14. c4 Bc6 15. Bb2 Nxc4 16. Nxc4 dxc4 17. Bxc4 Bd5 18. Bxd5 Qxd5 19. Rac1 Re7 20. Qd3 Rae8 21. a4 c6 22. Ba3 Re4 23. h3 Qd7 24. a5 1/2-1/2

[Event "Christmas Open"]
[Site "Zurich"]
[Date "2003.12.27"]
[Round "3"]
[White "Grabarczyk, Miroslaw"]
[Black "Klauser, Markus"]
[Result "1/2-1/2"]
[WhiteElo "2509"]
[BlackElo "2379"]
[PlyCount "45"]
[EventDate "2003.12.26"]
[Source "Roberto Alvarez"]
[SourceDate "2004.01.05"]

1. d4 Nf6 2. c4 e6 3. Nf3 a6 4. Nc3 c5 5. e3 b6 6. Be2 d6 7. O-O Nbd7 8. Nd2 Bb7 9. Bf3 Qc7 10. a4 Be7 11. b3 O-O 12. Bb2 Rac8 13. Rc1 Qb8 14. Nde4 Nxe4 15. Nxe4 Nf6 16. Qd3 Nxe4 17. Bxe4 Bxe4 18. Qxe4 Bf6 19. Bc3 Rfd8 20. Qd3 Qb7 21. Rfd1 h6 22. Qe2 d5 23. cxd5 1/2-1/2

[Event "EU-ch 3rd"]
[Site "Batumi"]
[Date "2002.06.23"]
[Round "11"]
[White "Mamedjarova, Zeinab"]
[Black "Yegiazarian, Arsen"]
[Result "0-1"]
[WhiteElo "2312"]
[BlackElo "2567"]
[PlyCount "82"]
[EventDate "2002.06.12"]
[Source "ChessBase"]
[SourceDate "2002.09.20"]

1. d4 Nf6 2. c4 e6 3. Nf3 a6 4. Nc3 c5 5. d5 b5 6. Bg5 h6 7. Bxf6 Qxf6 8. e4 b4 9. e5 Qd8 10. Ne4 Bb7 11. Qd2 Be7 12. Be2 O-O 13. O-O exd5 14. cxd5 d6 15. Bc4 dxe5 16. Nxe5 Nd7 17. f4 Nb6 18. Rad1 Bd6 19. Bb3 Re8 20. Rfe1 Rc8 21. Nc4 Nxc4 22. Bxc4 Qc7 23. g3 Rcd8 24. Qd3 a5 25. Re2 Bc8 26. Rde1 Rf8 27. Nd2 Bg4 28. Re3 Qc8 29. Nf3 Rde8 30. Ne5 Bf5 31. Qb3 Qd8 32. Qa4 Qf6 33. Kg2 g5 34. R1e2 gxf4 35. gxf4 Kh7 36. Qc6 Rc8 37. Qa4 Bxe5 38. Rxe5 Rg8+ 39. Kh1 Qg6 40. Qd1 Bg4 41. R5e3 Qe4+ 0-1